| 000 | 00978cam a2200253 c 4500 | ||
|---|---|---|---|
| 001 | a4990484 | ||
| 003 | CO-ViMGA | ||
| 005 | 20230915234241.0 | ||
| 008 | 110207s2010 sp a | |||| 000 f spa | ||
| 020 | _a9788415130000 | ||
| 040 |
_aCO-ViMGA _bspa _cCO-ViMGA |
||
| 041 | 1 |
_hspa _heng |
|
| 082 | 0 | 4 |
_a821.111 _bW46b |
| 100 | 1 |
_aWelty, Eudora _d1909-2001 _94400 |
|
| 240 | 1 | 0 |
_aLosing battles _lEspaǫl |
| 245 | 1 | 4 |
_aLas batallas perdidas _h[Texto impreso] _cEudora Welty ; traducción̤ del ingleš a cargo de Miguel Martn̕ez-Lage |
| 250 | _a1a. ed. | ||
| 260 |
_aMadrid _bImpedimenta _c2010 |
||
| 300 |
_a572 p. _bmapa _c22 cm |
||
| 505 | _aUna novela fascinante en la que los secretos familiares se mezclan con historias de derrotas que pasan de padres a hijos. Un tapiz riquisimo de un Sur que ya no existe mas que en los libros- el testimonio de una estirpe condenada a desaparecer. | ||
| 650 | 1 | 4 |
_aLiteratura Universal _97187 |
| 650 | 1 | 4 |
_aNovela _9502 |
| 942 | _2ddc | ||
| 999 |
_c37681 _d37681 |
||